| 000 | 00696nam a2200217 a 4500 | ||
|---|---|---|---|
| 001 | 000036567 | ||
| 005 | 20200930075812.0 | ||
| 008 | 120120s1985 dr 000 0 spa d | ||
| 020 | _a8420615730 | ||
| 040 |
_aDO-SdBNP _bspa _cBNPHU |
||
| 082 |
_axxx _bS786c |
||
| 100 | 1 |
_aStanislavsky, Konstantin, _d1863-1937 _962834 |
|
| 240 | 1 | 0 |
_aBuilding a character _lespañol |
| 245 | 1 | 3 |
_aLa construcción del personaje / _cConstantin Stanislavski ; traductor Bernardo Fernández. |
| 260 |
_aMadrid, España : _bAlianza Editorial, _c1985. |
||
| 300 |
_a343 p. ; _c18 cm. |
||
| 490 | 1 | _aArte | |
| 500 | _aTraducido del inglés. | ||
| 700 | 1 |
_aFernández, Bernardo, _etr. _962835 |
|
| 830 | 0 |
_aArte _919821 |
|
| 999 |
_c36058 _d36058 |
||